Definitivamente muerta / (Registro nro. 10547)

Detalles MARC
000 -LIDER
fixed length control field 00870nam a22003017a 4500
001 - NÚMERO DE CONTROL
Identificador de número de control 000310
003 - IDENTIFICACDOR DE NÚMERO DE CONTROL
control field DO-SdBNP
005 - DATE AND TIME OF LATEST TRANSACTION
control field 20240524115333.0
007 - CAMPOS FIJOS DE DESCRIPCIÓN FÍSICA
fixed length control field 000310
008 - ELEMENTOS DE LONGITUD FIJA
fixed length control field 160623b 2011 sp |||| 00| 0 spa d
020 ## - ISBN
International Standard Book Number 9788483651582
040 ## - FUENTE DE CATALOGACIÓN
Agencia que crea de manera original el registro BPMSU
Idioma de catalogación spa
Agencia que realiza la transcripción BPMSU
082 #4 - NÚMERO DE CLASIFICACIÓN DECIMAL DE DEWEY
Classification number 813.5
Item number H313d 2011
Edition number 22
100 1# - ASIENTO PRINCIPAL -- NOMBRE PERSONAL
Nombre personal Harris, Charlaine,
Fechas asociadas con el nombre 1951-
Término de relación
240 10 - TITULO UNIFORME
Título uniforme Definitely dead.
245 10 - MENCIÓN DE TITULO
Título Definitivamente muerta /
Mención de responsabilidad Charlaine Harris ; traducción Omar El Kashef.
260 ## - PUBLICACIÓN, DISTRIBUCIÓN, ETC. (PIE DE IMPRENTA)
Lugar de publicación, distribución, etc Madrid, España :
Nombre del editor, distribuidor, etc. Punto de Lectura,
Fecha de publicación, distribución, etc 2011.
300 ## - DESCRIPCIÓN FÍSICA
Extensión 339 p. ;
Dimensiones 23 cm.
490 0# - MENCIÓN DE SERIES
Mención de serie TrueBlood
500 ## - NOTA GENERAL
Nota general
590 ## - NOTA LOCAL
Texto de la nota local Inventariado, 2024/VM
650 #4 - ENCABEZAMIENTO DE MATERIA--TEMÁTICO
Término temático o nombre geográfico como elemento de entrada Novela estadounidense
650 #4 - ENCABEZAMIENTO DE MATERIA--TEMÁTICO
Término temático o nombre geográfico como elemento de entrada Ocultismo
Subdivisión de forma Novela
Mención de responsabilidad
650 #4 - ENCABEZAMIENTO DE MATERIA--TEMÁTICO
Término temático o nombre geográfico como elemento de entrada Vampiros
Subdivisión de forma Novela
700 1# - ASIENTO SECUNDARIO -- NOMBRE PERSONAL
Nombre personal Omar El-Kashef.
Mención de responsabilidad Traductor
910 ## - VALIDACIÓN
Validación VMateo V. Control de calidad. BPMSU
942 ## - ADDED ENTRY ELEMENTS (KOHA)
Source of classification or shelving scheme Dewey Decimal Classification
Koha item type Libros
Existencias
Withdrawn status Lost status Source of classification or shelving scheme Damaged status Not for loan Collection code Home library Current library Date acquired Source of acquisition Total Checkouts Full call number Barcode Date last seen Price effective from Koha item type Copy number
    Dewey Decimal Classification     Colección General Biblioteca Pública Metropolitana Salomé Ureña Biblioteca Pública Metropolitana Salomé Ureña 06/23/2016 Alfaguara   BPMSU CG 813.5 H313d 2011 BPMSU16060453 06/23/2016 06/23/2016 Libros  
    Dewey Decimal Classification     Colección General Biblioteca Pública Metropolitana Salomé Ureña Biblioteca Pública Metropolitana Salomé Ureña 06/23/2016 Alfaguara   BPMSU CG 813.5 H313d 2011 BPMSU16060454 06/23/2016 06/23/2016 Libros e.2
    Dewey Decimal Classification     Colección General Biblioteca Pública Metropolitana Salomé Ureña Biblioteca Pública Metropolitana Salomé Ureña 06/23/2016 Alfaguara   BPMSU CG 813.5 H313d 2011 BPMSU16060455 06/23/2016 06/23/2016 Libros e.3